书目信息 |
| 题名: |
国门亮剑
|
|
| 作者: | 李庆山 著 | |
| 分册: | ||
| 出版信息: | 北京 人民出版社 2010.07 |
|
| 页数: | 365页 | |
| 开本: | 25cm | |
| 丛书名: | ||
| 单 册: | ||
| 中图分类: | E297.5 , I253.2 | |
| 科图分类: | ||
| 主题词: | 抗美援朝战争 , 纪实文学 , 纪实文学--中国--当代 , 抗美援朝战争--史料 | |
| 电子资源: | ||
| ISBN: | 978-7-01-009048-1 | |
| 000 | 00997nam0 2200325 450 | |
| 001 | 1156690218 | |
| 005 | 20111212154533.96 | |
| 010 | @a978-7-01-009048-1@dCNY48.00 | |
| 049 | @aA110000CLC@bUCS01004399050 | |
| 090 | @aI253.2@blqs | |
| 096 | @aI253.2@blqs | |
| 100 | @a20110331d2010 em y0chiy50 ea | |
| 101 | 0 | @achi |
| 102 | @aCN@b110000 | |
| 105 | @aa z 000zy | |
| 200 | 1 | @a国门亮剑@9guo men liang jian@b专著@e抗美援朝纪实@f李庆山著 |
| 210 | @a北京@c人民出版社@d2010.07 | |
| 215 | @a365页@c照片,图@d25cm | |
| 330 | @a本书通过对抗美援朝全景式的纪实,真实再现了战争的原貌,揭秘了战争最隐秘的场面。 | |
| 517 | 1 | @a抗美援朝纪实@9kang mei yuan chao ji shi |
| 606 | 0 | @a抗美援朝战争 |
| 606 | 0 | @a纪实文学 |
| 606 | 0 | @a纪实文学@y中国@z当代 |
| 606 | 0 | @a抗美援朝战争@j史料 |
| 690 | @aE297.5@v4 | |
| 690 | @aI253.2@v4 | |
| 701 | 0 | @a李庆山@f(1958~)@9li qing shan@4著 |
| 801 | 2 | @aCN@bOLCC@c20100925 |
| 801 | 0 | @aCN@bA110000CLC@c20100727 |
| 905 | @aZUCC@dI253.2@eL236 | |
| 国门亮剑:抗美援朝纪实/李庆山著.-北京:人民出版社,2010.07 |
| 365页:照片,图;25cm |
| ISBN 978-7-01-009048-1:CNY48.00 |
| 本书通过对抗美援朝全景式的纪实,真实再现了战争的原貌,揭秘了战争最隐秘的场面。 |
| ● |
| 相关链接 |
|
|
|
正题名:国门亮剑
索取号:I253.2/L236
 
预约/预借
| 序号 | 登录号 | 条形码 | 馆藏地/架位号 | 状态 | 备注 |
| 1 | 827556 | 208275560 | 自科二线504/422社科库 48排4列5层/ [索取号:I253.2/L236] | 在馆 | |
| 2 | 827557 | 208275579 | 文学库108/108文学库 67排11列3层/ [索取号:I253.2/L236] | 在馆 | |
| 3 | 827558 | 208275588 | 文学库108/108文学库 67排11列3层/ [索取号:I253.2/L236] | 在馆 |